<?xml version="1.0" encoding="UTF-8"?><?xml-stylesheet type="text/xsl" href="static/style.xsl"?><OAI-PMH xmlns="http://www.openarchives.org/OAI/2.0/" xmlns:xsi="http://www.w3.org/2001/XMLSchema-instance" xsi:schemaLocation="http://www.openarchives.org/OAI/2.0/ http://www.openarchives.org/OAI/2.0/OAI-PMH.xsd"><responseDate>2026-06-01T01:12:19Z</responseDate><request verb="GetRecord" identifier="oai:riuma.uma.es:10630/6624" metadataPrefix="marc">https://riuma.uma.es/rest/oai/request</request><GetRecord><record><header><identifier>oai:riuma.uma.es:10630/6624</identifier><datestamp>2026-02-03T12:52:40Z</datestamp><setSpec>com_10630_5701</setSpec><setSpec>com_10630_3139</setSpec><setSpec>com_10630_10</setSpec><setSpec>col_10630_6603</setSpec></header><metadata><record xmlns="http://www.loc.gov/MARC21/slim" xmlns:dcterms="http://purl.org/dc/terms/" xmlns:doc="http://www.lyncode.com/xoai" xmlns:xsi="http://www.w3.org/2001/XMLSchema-instance" xsi:schemaLocation="http://www.loc.gov/MARC21/slim http://www.loc.gov/standards/marcxml/schema/MARC21slim.xsd">
   <leader>00925njm 22002777a 4500</leader>
   <datafield ind2=" " ind1=" " tag="042">
      <subfield code="a">dc</subfield>
   </datafield>
   <datafield ind2=" " ind1=" " tag="720">
      <subfield code="a">Suberbiola Martínez, Jesús</subfield>
      <subfield code="e">author</subfield>
   </datafield>
   <datafield ind2=" " ind1=" " tag="260">
      <subfield code="c">2007</subfield>
   </datafield>
   <datafield ind2=" " ind1=" " tag="520">
      <subfield code="a">La introducción del reloj mecánico en Málaga tuvo lugar en 1491 por iniciativa de&#xd;
su obispo Pedro de Toledo y del corregidor García Fernández Manrique. Iglesia y concejo,&#xd;
costearon a partes iguales su fabricación, instalación en la torre de la mezquita-catedral y&#xd;
posterior mantenimiento. En el caso de Granada ocurrió en 1492, cuando su obispo Hernando&#xd;
de Talavera encargó tres al relojero Guillermo, uno para la Alhambra y dos para la ciudad, a&#xd;
expensas de la Corona.</subfield>
   </datafield>
   <datafield ind2=" " ind1=" " tag="520">
      <subfield code="a">The introduction of the mechanical clock in Málaga took place in 1491 by initiative of its&#xd;
bishop Pedro de Toledo and the corregidor García Fernández Manrique. Church and council&#xd;
paid for to equal parts their manufacture, installation in the tower of the mosque-cathedral and&#xd;
later maintenance. In the case of Granada it took place in 1492 when its Hernando de Talavera&#xd;
bishop order three clocks to the watchmaker Guillermo: one for Alhambra and two for the city&#xd;
to expenses of the Crown.</subfield>
   </datafield>
   <datafield ind1="8" ind2=" " tag="024">
      <subfield code="a">SUBERBIOLA MARTÍNEZ, J. "La introducción del reloj mecánico en Málaga y Granada (1491-1492)" Baética, 29, 2007, 293-302</subfield>
   </datafield>
   <datafield ind1="8" ind2=" " tag="024">
      <subfield code="a">0212-5099</subfield>
   </datafield>
   <datafield ind1="8" ind2=" " tag="024">
      <subfield code="a">http://hdl.handle.net/10630/6624</subfield>
   </datafield>
   <datafield tag="653" ind2=" " ind1=" ">
      <subfield code="a">Relojes - Málaga - 1491-1492</subfield>
   </datafield>
   <datafield tag="653" ind2=" " ind1=" ">
      <subfield code="a">Relojes - Granada - 1491-1492</subfield>
   </datafield>
   <datafield ind2="0" ind1="0" tag="245">
      <subfield code="a">La introducción del reloj mecánico en Málaga y Granada (1491-1492)</subfield>
   </datafield>
</record>
</metadata></record></GetRecord></OAI-PMH>